| 000 | 00343nam a2200109Ia 4500 | ||
|---|---|---|---|
| 008 | 180309s9999 xx 000 0 und d | ||
| 100 | _aGuralnik, David B. | ||
| 245 | _aWebster's new world dictionary of the american language / | ||
| 260 |
_aTaiwan : _b1977 _cMar Ling pub |
||
| 300 | _avi, 882 pages | ||
| 650 | _aEnglish language -- Dictionaries | ||
| 999 |
_c356106 _d356106 |
||